Mushaf (Record no. 3909)

000 -LEADER
fixed length control field 00636nam a22002297a 4500
003 - CONTROL NUMBER IDENTIFIER
control field Nust
005 - DATE AND TIME OF LATEST TRANSACTION
control field 20180305043205.0
008 - FIXED-LENGTH DATA ELEMENTS--GENERAL INFORMATION
fixed length control field 161124b xxu||||| |||| 00| 0 eng d
040 ## - CATALOGING SOURCE
Transcribing agency Nust
041 ## - LANGUAGE CODE
Language code of original urdu
082 ## - DEWEY DECIMAL CLASSIFICATION NUMBER
Classification number 891.4391
Author Mark AHM
100 ## - MAIN ENTRY--PERSONAL NAME
Personal name Nimra Ahmed
9 (RLIN) 2524
245 ## - TITLE STATEMENT
Title Mushaf
Statement of responsibility, etc. by Nimra Ahmed
260 ## - PUBLICATION, DISTRIBUTION, ETC.
Place of publication, distribution, etc. Lahore;
Name of publisher, distributor, etc. Al-Quresh,
Date of publication, distribution, etc. 2014.
300 ## - PHYSICAL DESCRIPTION
Extent 357p.
650 ## - SUBJECT ADDED ENTRY--TOPICAL TERM
Topical term or geographic name entry element Novel
9 (RLIN) 2525
650 ## - SUBJECT ADDED ENTRY--TOPICAL TERM
Topical term or geographic name entry element Urdu Literature
9 (RLIN) 347
880 ## - ALTERNATE GRAPHIC REPRESENTATION
Linkage 100-01\(3\r
Title نمرہ احمد
880 ## - ALTERNATE GRAPHIC REPRESENTATION
Linkage 245-02\(3\r
Title مصحف
c نمرہ احمد
880 ## - ALTERNATE GRAPHIC REPRESENTATION
Linkage 260\(3\r
Title لاہور:
b القریش پبلی کیشنز،
c 2014
942 ## - ADDED ENTRY ELEMENTS (KOHA)
Source of classification or shelving scheme
Koha item type Book
Holdings
Withdrawn status Lost status Source of classification or shelving scheme Damaged status Not for loan Collection code Permanent Location Current Location Shelving location Date acquired Total Checkouts Total Renewals Full call number Barcode Date last seen Date last checked out Copy number Koha item type
            Central Library (CL) Central Library (CL) Fiction 11/24/2016 16 3 891.4393 AHM CL2308 02/14/2026 09/09/2025 1 Book
© 2023 Central Library, National University of Sciences and Technology. All Rights Reserved.